[Event "PNWCC Online blitz JP 2nd"]
[Site "Chess.com INT"]
[Date "2020.03.21"]
[Round "10"]
[White "Goktepe, Derin"]
[Black "Vijayakumar, Advaith"]
[Result "0-1"]
[WhiteElo "1656"]
[BlackElo "1846"]
[PlyCount "44"]
[EventDate "2020.03.21"]
[EventType "swiss (blitz)"]
[EventRounds "11"]
[EventCountry "USA"]
[SourceTitle "CBM 195 Extra"]
[Source "ChessBase"]
[SourceDate "2020.05.31"]
[SourceVersion "1"]
[SourceVersionDate "2020.05.31"]
[SourceQuality "1"]

1. d4 Nf6 2. c4 e6 3. Nc3 Bb4 4. e3 d5 5. cxd5 exd5 6. Bd3 0-0 7. Nge2 b6 8. 0-0 Bb7 9. a3 Bd6 10. Ng3 g6 11. f4 c5 12. Nb5 Be7 13. Nc3 Nc6 14. dxc5 Bxc5 15. Kh1 Re8 16. Re1 d4 17. e4 dxc3 18. bxc3 Qd7 19. e5 Ng4 20. Qc2 Nf2+ 21. Kg1 Nxd3+ 22. Kh1 Nxe1 0-1

[Event "PNWCC Online blitz JP 2nd"]
[Site "Chess.com INT"]
[Date "2020.03.21"]
[Round "9"]
[White "Vijayakumar, Advaith"]
[Black "Foisor, Sabina Francesca"]
[Result "0-1"]
[WhiteElo "1846"]
[BlackElo "2228"]
[PlyCount "50"]
[EventDate "2020.03.21"]
[EventType "swiss (blitz)"]
[EventRounds "11"]
[EventCountry "USA"]
[SourceTitle "CBM 195 Extra"]
[Source "ChessBase"]
[SourceDate "2020.05.31"]
[SourceVersion "1"]
[SourceVersionDate "2020.05.31"]
[SourceQuality "1"]

1. d4 d5 2. c4 e6 3. Nc3 Be7 4. cxd5 exd5 5. Nf3 Nf6 6. Bg5 0-0 7. e3 c6 8. Bd3 Nbd7 9. 0-0 Re8 10. Qc2 Nf8 11. Rab1 Bg4 12. Ne5 Bh5 13. b4 a6 14. a4 Rc8 15. Qb3 Bg6 16. Nxg6 Nxg6 17. Rfc1 Ng4 18. Bxe7 Qxe7 19. Bf1 Qh4 20. h3 Qxf2+ 21. Kh1 Nxe3 22. b5 axb5 23. axb5 Nf4 24. Nd1 Qxf1+ 25. Kh2 Qxg2# 0-1